Wietnamska imigracja według państw - Statystyki

Ogólne statystyki
  • Ten quiz został rozwiązany 94 razy
  • Średni wynik to 16 z 20
Statystyki odpowiedzi
Ludzie Państwo % Poprawnych
6 441 Chiny
97%
5 407 Stany Zjednoczone
94%
4 526 Indie
91%
2 826 Japonia
91%
55 165 Kambodża
90%
13 272 Laos
90%
8 917 Indonezja
89%
3 087 Korea Południowa
89%
27 720 Mjanma
87%
15 077 Tajlandia
87%
1 850 Malezja
86%
2 800 Filipiny
81%
2 569 Wielka Brytania
78%
1 200 Francja
75%
2 660 Kanada
75%
1 217 Pakistan
71%
3 330 Singapur
68%
10 559 Bangladesz
67%
2 771 Korea Północna
65%
3 620 Nepal
57%
Nie znaleziono quizów pasujących do podanych kryteriów
Rozkład punktacji
Procent ludzi z każdym wynikiem
Percentyl według liczby udzielonych odpowiedzi
Twoja historia wyników
Nie rozwiązałeś tego quizu